Vista normal
Vista MARC
Entrada Topical Term
Número de registros utilizados en: 2
001 - CONTROL NUMBER
- control field: 13618
003 - CONTROL NUMBER IDENTIFIER
- control field: OSt
005 - DATE AND TIME OF LATEST TRANSACTION
- control field: 20230915230236.0
008 - FIXED-LENGTH DATA ELEMENTS
- fixed length control field: 230915|| aca||aabn | a|a d
040 ## - CATALOGING SOURCE
- Original cataloging agency: OSt
- Transcribing agency: OSt
150 ## - HEADING--TOPICAL TERM
- Topical term or geographic name entry element: SIBUNDOY - VALLE - PUTUMAYO - COLOMBIA
670 ## - SOURCE DATA FOUND
- Source citation: Work cat.: (OSt)21682: Ramirez de Jara ; Maria Clemencia, 13616, Frontera Fluida entre Andes, Piedemonte y Selva : , 1996